000 00290nam a22001097a 4500
008 170111b xxu||||| |||| 00| 0 eng d
020 _a9781284050912
041 _aeng
080 _25TH
_a618.2
245 _aNURSE PRACTITIONER'S BUSINESS PRACTICE AND LEGAL GUIDE
_cBUPPERT, C
942 _2udc
_cBK
999 _c2699
_d2699